000 00843nam0a22002651 4500
001 RU\NLR\INFOCOMM_195\5000042315
005 20250613092130.0
035 _a(NLR Aleph) 009142470
090 _a8344433
_c8344433
100 _a20091023d1936 |||y0rusy50 ca
101 0 _ager
102 _aRU
105 _ay ||||000|y
200 1 _aReise zu Stachanow
_fL. F. Boross
210 _aMoskau
_cVerlagsgenossenschaft ausländischer Arbeiter in der UdSSR
_d1936
215 _a100 с.
_d18 см
300 _aНа 4-й стр. обл.: Борош. Поездка к Стаханову
606 _aСтахановское движение
_2nlr_sh1
700 1 _9z01790
_aBoroš
_bL. F.
_4070
790 1 _9z01700
_aBoross
_bL. F.
_4070
801 1 _aRU
_bNLR
_c20091023
801 0 _aRU
_bNLR
_gPSBO
852 _aNLR
_jD10/543
942 _cBOOK
980 _aNB